Countries Mentioned in the Bible - Sudden Death - Statistics

General Stats
  • This quiz has been taken 39 times
  • The average score is 10 of 21
Answers on the Grid
Answers color-coded by a green-red scale on the quiz's grid according to % correct below.
Armenia
Azerbaijan
China
Croatia
Cyprus
Egypt
Ethiopia
Germany
Greece
India
Iran
Iraq
Israel
Italy
Jordan
Lebanon
Libya
Malta
Oman
Pakistan
Portugal
Qatar
Russia
Saudi Arabia
Spain
Sudan
Syria
Tunisia
Turkey
United States
Vatican City
Yemen
 
Answer Stats
Answer % Correct
Moses led his people away from here Egypt
88%
The Holy Land Israel
88%
On the other side of the river from the Holy Land Jordan
81%
St. Paul wrote epistles to people in different cities here Greece
66%
Known for its cedar trees Lebanon
66%
The Gihon river, flowing from the Garden of Eden, encompasses
this entire country
Ethiopia
59%
Then known as Persia Iran
56%
St. Paul sailed near this island Cyprus
53%
Nineveh and Babylon were located here Iraq
53%
Where St. Paul died Italy
50%
Isaiah promised that this country's capital would be a "ruinous heap". Syria
50%
Mediterranean country home to the city of Cyrene Libya
38%
St. Paul shipwrecked here Malta
38%
A couple minor characters escaped into this mountainous region Armenia
31%
Kings from here brought gold to Solomon Saudi Arabia
28%
The easternmost extent of the Persian Empire India
25%
Several regions of this country are mentioned including Pontus, Galatia,
Cappadocia, Asia, and Bithynia
Turkey
25%
Westernmost country mentioned in the Bible Spain
19%
The land of Sheba might have been located here Yemen
19%
Mentioned as the region of Cush (Kush) Sudan
16%
Titus traveled to Dalmatia, on this country's coast Croatia
9%
No matching quizzes found
Score Distribution
Percent of People with Each Score
Percentile by Number Answered
Your Score History
You have not taken this quiz